Charismatic renewal in the Philippines/ (Record no. 9589)

MARC details
000 -LEADER
fixed length control field 00490nam a22001577a 4500
003 - CONTROL NUMBER IDENTIFIER
control field OSt
005 - DATE AND TIME OF LATEST TRANSACTION
control field 20260421071043.0
008 - FIXED-LENGTH DATA ELEMENTS--GENERAL INFORMATION
fixed length control field 260421b |||||||| |||| 00| 0 eng d
040 ## - CATALOGING SOURCE
Original cataloging agency DWCL-Main lib
Transcribing agency OC
082 ## - DEWEY DECIMAL CLASSIFICATION NUMBER
Classification number Circ. 200 F847c 1980
100 ## - MAIN ENTRY--PERSONAL NAME
Personal name Francis, Andrew REV.
245 ## - TITLE STATEMENT
Title Charismatic renewal in the Philippines/
Statement of responsibility, etc. Francis, Andrew REV.
260 ## - PUBLICATION, DISTRIBUTION, ETC.
Place of publication, distribution, etc. Manila :
Name of publisher, distributor, etc. Ave Maria Press,
Date of publication, distribution, etc. c1980.
300 ## - PHYSICAL DESCRIPTION
Extent 109 pages :
Other physical details illustrations ;
Dimensions 19 cm.
942 ## - ADDED ENTRY ELEMENTS (KOHA)
Source of classification or shelving scheme Dewey Decimal Classification
Koha item type Book Circulation
Classification part Circ.
Suppress in OPAC No
952 ## - LOCATION AND ITEM INFORMATION (KOHA)
--
952 ## - LOCATION AND ITEM INFORMATION (KOHA)
--
952 ## - LOCATION AND ITEM INFORMATION (KOHA)
--
952 ## - LOCATION AND ITEM INFORMATION (KOHA)
--
952 ## - LOCATION AND ITEM INFORMATION (KOHA)
--
Holdings
Withdrawn status Lost status Source of classification or shelving scheme Damaged status Not for loan Home library Current library Shelving location Date acquired Total Checkouts Full call number Barcode Date last seen Copy number Price effective from Koha item type Uniform Resource Identifier
    Dewey Decimal Classification     College Library College Library Circulation 04/21/2026   Circ. 200 F847c 1980 CL31636 04/21/2026 c1 04/21/2026 BK-CIRC
    Dewey Decimal Classification     College Library College Library Circulation 04/21/2026   Circ. 200 F847c 1980 CL31635 04/21/2026 c2 04/21/2026 BK-CIRC
    Dewey Decimal Classification     College Library College Library Circulation 04/21/2026   Circ. 200 F847c 1980 CL31346 04/21/2026 c3 04/21/2026 BK-CIRC
    Dewey Decimal Classification     College Library College Library Circulation 04/21/2026   Circ. 200 F847c 1980 CL31342 04/21/2026 c4 04/21/2026 BK-CIRC
    Dewey Decimal Classification     College Library College Library Circulation 04/21/2026   Circ. 200 F847c 1980 CL28231 04/21/2026 c5 04/21/2026 BK-CIRC